书目信息 |
| 题名: |
北京市当代城镇住宅市场的泡沫水平演变及其原因研究
|
|
| 作者: | 王浩 著 | |
| 分册: | ||
| 出版信息: | 北京 中央编译出版社 2017.12 |
|
| 页数: | 197页 | |
| 开本: | 21cm | |
| 丛书名: | ||
| 单 册: | ||
| 中图分类: | F299.271 | |
| 科图分类: | ||
| 主题词: | 城镇--住宅市场--泡沫经济--研究--北京--1987--2015 | |
| 电子资源: | ||
| ISBN: | 978-7-5117-3461-7 | |
| 000 | 01429nam0 2200229 45 | |
| 001 | 012001000484 | |
| 005 | 20140920091301.0 | |
| 010 | @a978-7-5117-3461-7@dCNY30.00 | |
| 100 | @a20171218d2017 em y0chiy0110 ea | |
| 101 | 0 | @achi |
| 102 | @aCN@b110000 | |
| 105 | @ay z 000yy | |
| 106 | @ar | |
| 200 | 1 | @a北京市当代城镇住宅市场的泡沫水平演变及其原因研究@9Bei Jing Shi Dang Dai Cheng Zhen Zhu Zhai Shi Chang De Pao Mo Shui Ping Yan Bian Ji Qi Yuan Yin Yan Jiu@f王浩著@FWang Hao Zhu@PWHZ |
| 210 | @a北京@c中央编译出版社@d2017.12 | |
| 215 | @a 197页@d21cm | |
| 330 | @a本文在回顾泡沫历史事件基础上,梳理了房地产泡沫共性成因的理论分析;在对不同房地产泡沫测度方法研究基础上,选择房价收入比作为测度北京市住宅市场泡沫的指标;通过回顾北京市当代城镇住宅市场发展的历史脉络,把北京市当代住宅市场发展分为四个历史阶段。主要以这三者为前提,基于新历史学派的研究方法,以北京市住宅市场泡沫水平及其影响因素为主线,从历史的视角直观考察了北京市1987-2014年住宅市场泡沫水平演变的状况以及各影响因素的状况,结合房地产泡沫共性成因的理论分析了1987-2014年中不同阶段北京市住宅泡沫变动的原因。并采用实证研究对北京市1999-2014年住宅泡沫水平影响进行研究,最后在理论分析和实证研究的基础上,提出降低北京市住宅市场泡沫水平、促进住宅产业健康发展的政策建议。 | |
| 606 | 0 | @a城镇@x住宅市场@x泡沫经济@x研究@x北京@x1987@x2015 |
| 690 | @aF299.271@v5 | |
| 701 | 0 | @a王浩@9Wang Hao@4著 |
| 801 | 0 | @aCN@b上海新华@c20180901 |
| 905 | @b1041723-27@dF299.271@e1500@f5 | |
| 北京市当代城镇住宅市场的泡沫水平演变及其原因研究/王浩著.-北京:中央编译出版社,2017.12 |
| 197页;21cm |
| ISBN 978-7-5117-3461-7:CNY30.00 |
| 本文在回顾泡沫历史事件基础上,梳理了房地产泡沫共性成因的理论分析;在对不同房地产泡沫测度方法研究基础上,选择房价收入比作为测度北京市住宅市场泡沫的指标;通过回顾北京市当代城镇住宅市场发展的历史脉络,把北京市当代住宅市场发展分为四个历史阶段。主要以这三者为前提,基于新历史学派的研究方法,以北京市住宅市场泡沫水平及其影响因素为主线,从历史的视角直观考察了北京市1987-2014年住宅市场泡沫水平演变的状况以及各影响因素的状况,结合房地产泡沫共性成因的理论分析了1987-2014年中不同阶段北京市住宅泡沫变动的原因。并采用实证研究对北京市1999-2014年住宅泡沫水平影响进行研究,最后在理论分析和实证研究的基础上,提出降低北京市住宅市场泡沫水平、促进住宅产业健康发展的政策建议。 |
| ● |
| 相关链接 |
|
|
|
|
正题名:北京市当代城镇住宅市场的泡沫水平演变及其原因研究
索取号:F299.271/1500
 
预约/预借
| 序号 | 登录号 | 条形码 | 馆藏地/架位号 | 状态 | 备注 |
| 1 | 1041723 | 210417235 | 第一样本阅览室/ [索取号:F299.271/1500] | 在馆 | |
| 2 | 1041724 | 210417244 | 密集书库-海洋学院/ [索取号:F299.271/1500] | 在馆 | |
| 3 | 1041725 | 210417253 | 第一借阅区/ [索取号:F299.271/1500] | 在馆 | |
| 4 | 1041726 | 210417262 | 第一借阅区/ [索取号:F299.271/1500] | 在馆 | |
| 5 | 1041727 | 210417271 | 第一借阅区/ [索取号:F299.271/1500] | 在馆 |